| 000 | 00494nam a2200169 i 4500 | ||
|---|---|---|---|
| 001 | bg | ||
| 100 | 1 | _aLARMINAT, Philippe de. | |
| 245 | 1 | 0 |
_aAutomatyka - układy liniowe. _nT. 3, _pSterowanie / _cPhilippe de Larminat, Yves Thomas. |
| 260 |
_aWarszawa : _bWydawnictwa Naukowo-Techniczne, _c1983. |
||
| 650 | 9 |
_aSterowanie _xmetody |
|
| 650 | 9 | _aUkłady elektroniczne | |
| 700 | 1 | _aTHOMAS, Yves. | |
| 040 | _cBPK | ||
| 041 | _apol | ||
| 942 | _cKS | ||
| 008 | s pl f |000 0 pol | ||
| 999 |
_c21977 _d21977 |
||
| 856 |
_uhttp://koha.tu.koszalin.pl/cgi-bin/koha/opac-detail.pl?biblionumber=21977 _yKatalog online BPK |
||